01371ngm a2200193Ic 4500020001500000040000800015041000800023082002700031100001400058245001600072300007800088500005600166500004100222520065000263710001300913710003300926856010600959856011201065 a2706808314 cpor0 hpor a633 SILV 1983 C282 Or. aLE MANIOC00aSilvestre / a1 online resource (1 video file (1 hr., 53 min., 3 sec)) :bsound, color. aOriginally released by Films Sans Frontieres, 1981. aTitle from distributor's description aWhile a nobleman is away to visit and invite the king to his daughter's upcoming wedding, a strange pilgrim knocks on his door for shelter. Said visit ends in a violent confrontation and the pilgrim takes on different identities to seek revenge. Meanwhile the nobleman goes missing and his daughter has to pose as a young knight to save him. Set in medieval times, the movie makes use of theatrical sets, lyrical language and a languid rhythm to give it a unique feeling of a folk tale being transmitted from long ago. The cast is led by the 15-year-old Maria de Medeiros and João César Monteiro's frequent collaborator Luís Miguel Cintra.2 aInfobase2 aFilms Sans Frontieres (Firm)40uhttps://ezproxy.spl.org/login?url=https://jfk.infobase.com/PortalPlaylists.aspx?wID=79331&xtid=16056642uhttps://cdnsecakmi.kaltura.com/p/1067292/sp/106729200/thumbnail/entry_id/0_bvoqmpzo/version/100002/width/88